[Event "AUTO-INT-51"]
[Site "http://www.queenalice.com/game.php?id=35397"]
[Date "2005.10.29"]
[Round "1"]
[White "BrenoA"]
[Black "Tiago"]
[Result "0-1"]
[WhiteElo "1342"]
[BlackElo "1439"]

1. e4 e5 2. d3 Bc5 3. Be3 Na6 4. Nf3 d6 5. d4 Bb4+ 6. c3 exd4 7. Nxd4 Ba5 8.
Bb5+ c6 9. Bxc6+ bxc6 10. Nxc6 Qc7 11. Qd5 Bb7 12. Qxa5 Bxc6 13. Qxa6 Bxe4 14.
Qa4+ Qc6 15. Qxc6+ Bxc6 16. O-O Nf6 17. Rd1 O-O-O 18. Bxa7 Rde8 19. Na3 Re7 20.
Bb6 Re6 21. Nc4 Kd7 22. Bc5 Kc7 23. Bb6+ Kb7 24. Nxd6+ Kxb6 25. Nc4+ Kc5 26. Rd4
h5 27. b4+ Kb5 28. a4+ Ka6 29. b5+ Bxb5 0-1

[Event "AUTO-INT-51"]
[Site "http://www.queenalice.com/game.php?id=35398"]
[Date "2005.10.29"]
[Round "1"]
[White "Tiago"]
[Black "BrenoA"]
[Result "1-0"]
[WhiteElo "1451"]
[BlackElo "1330"]

1. e4 e5 2. Nf3 d6 3. c4 c5 4. b3 Nf6 5. Na3 Nxe4 6. Qc2 f5 7. d3 Qa5+ 8. Ke2
Nc3+ 9. Ke1 f4 10. Bd2 Qxa3 11. Bxc3 Nc6 12. g4 Bxg4 13. Ng5 Be7 14. Ne6 Nb4 15.
Qc1 Nxd3+ 16. Kd2 Qxc1+ 17. Rxc1 e4 18. Rb1 Nxf2 19. Rg1 e3+ 20. Kc2 Bf5+ 21.
Kb2 Nd3+ 22. Kc2 Nf2+ 23. Bd3 Bxd3+ 24. Kb2 e2 25. Rbe1 Nh3 26. Rxg7 Rc8 27. Rg4
f3 28. Rg3 f2 29. Rf3 1-0

[Event "Challenge"]
[Site "http://www.queenalice.com/game.php?id=35406"]
[Date "2005.10.29"]
[Round "-"]
[White "Tiago"]
[Black "chaves"]
[Result "1-0"]
[WhiteElo "1274"]
[BlackElo "1365"]

1. e4 e5 2. Qf3 Be7 3. Bc4 Nf6 4. g4 g5 5. b3 Na6 6. Bb2 c5 7. Bxe5 Qa5 8. Bxf6
Bxf6 9. Qxf6 Rg8 10. Qxf7+ Kd8 11. Qxg8+ Kc7 12. Qxh7 b5 13. Bd5 Nb4 14. Bxa8
Nxc2+ 15. Kd1 Nxa1 16. Qf5 Qxa2 17. Qxc5+ Kb8 18. Bd5 Qxb1+ 19. Ke2 Qc2 20.
Qxb5+ Bb7 21. Qxd7 Bxd5 22. Qxd5 Nxb3 23. Nf3 Nc1+ 24. Kf1 Qc3 25. Kg2 Qc8 26.
Ne5 Ne2 27. Rb1+ Kc7 28. Kf3 Nf4 29. Qf7+ Kd6 30. Qf6+ Kc7 31. Rc1+ Kb8 32.
Rxc8+ Kxc8 33. Qc6+ Kd8 34. Nf7+ Ke7 35. Nxg5 Ng6 36. Qe6+ Kf8 37. Qxg6 Ke7 38.
e5 a5 39. Qf7+ Kd8 40. Ne6+ Kc8 41. Qc7# 1-0

[Event "AUTO-OPEN-169"]
[Site "http://www.queenalice.com/game.php?id=36351"]
[Date "2005.11.4"]
[Round "1"]
[White "Tiago"]
[Black "KnigtyNight"]
[Result "0-1"]
[WhiteElo "1363"]
[BlackElo "1326"]

1. e4 c5 2. Bc4 d6 3. Qf3 Nf6 4. g4 Bxg4 5. Qf4 Nc6 6. c3 Qd7 7. h3 e5 8. Qg5
Bh5 9. Na3 h6 10. Qf5 Be7 11. d3 Qxf5 12. exf5 O-O 0-1

[Event "AUTO-OPEN-169"]
[Site "http://www.queenalice.com/game.php?id=36352"]
[Date "2005.11.4"]
[Round "1"]
[White "KnigtyNight"]
[Black "Tiago"]
[Result "1-0"]
[WhiteElo "1343"]
[BlackElo "1346"]

1. d4 d5 2. c4 dxc4 3. Nc3 Bg4 4. f3 Bh5 5. e4 e6 6. Bxc4 Nc6 7. Nge2 a6 8. O-O
b5 9. Bb3 b4 10. Na4 g6 11. g4 Bxg4 12. fxg4 1-0

[Event "AUTO-OPEN-169"]
[Site "http://www.queenalice.com/game.php?id=36353"]
[Date "2005.11.4"]
[Round "1"]
[White "Tiago"]
[Black "Aguirre"]
[Result "0-1"]
[WhiteElo "1462"]
[BlackElo "1649"]

1. e4 e5 2. Bc4 Nf6 3. Qf3 c6 4. g4 d5 5. exd5 cxd5 6. Bb3 Bxg4 7. Qc3 Bd6 8. h3
Bh5 9. d3 Nc6 10. Ba4 Qb6 11. a3 O-O 12. Be3 d4 13. Qb3 Qxb3 14. Bxb3 dxe3 15.
fxe3 e4 16. dxe4 Nxe4 17. Bd5 Ng3 18. Rh2 Nf1 19. Kxf1 Bxh2 20. Ne2 Bxe2+ 21.
Kxe2 Be5 22. Nd2 Rab8 23. c3 Rbc8 24. Nc4 Bf6 25. Rd1 Rfd8 26. e4 h5 27. b4 Bxc3
28. Rd3 Bf6 29. b5 Ne5 30. Nxe5 Bxe5 31. Bxb7 Rxd3 32. Kxd3 Rc3+ 33. Ke2 Rxa3
34. h4 Rh3 35. Bd5 Rxh4 36. Kf3 g5 37. Bc4 g4+ 38. Kg2 Rh3 39. Kf2 g3+ 40. Kg1
h4 41. Bf1 Rh2 42. Bg2 h3 43. Bf3 g2 44. Kf2 Rh1 45. Bxg2 hxg2 46. Kxg2 Rb1 47.
Kf3 Rxb5 48. Ke3 a5 49. Kd3 a4 50. Kc4 Rb8 51. Kd5 Bg7 52. e5 a3 53. Kd6 a2 0-1

[Event "AUTO-OPEN-169"]
[Site "http://www.queenalice.com/game.php?id=36354"]
[Date "2005.11.4"]
[Round "1"]
[White "Aguirre"]
[Black "Tiago"]
[Result "1-0"]
[WhiteElo "1658"]
[BlackElo "1453"]

1. e4 e5 2. Nf3 Qf6 3. d4 Nc6 4. d5 Nd4 5. Nxd4 exd4 6. Bd3 Qg6 7. O-O d6 8. Nd2
c5 9. dxc6 bxc6 10. Re1 Bg4 11. Be2 h5 12. Bxg4 hxg4 13. Nf1 Qh5 14. Qxd4 c5 15.
Qd5 Qxd5 16. exd5+ Kd7 17. Ne3 Nf6 18. Bd2 g6 19. Bc3 Bg7 20. Nxg4 Nh5 21. Bxg7
Nxg7 22. Nf6+ Kc7 23. Re7+ Kb6 24. Rxf7 Nh5 25. Nxh5 Rxh5 26. c4 Re8 27. Rf6 Rd8
28. Rxg6 Re5 29. Kf1 Rh5 30. h3 a5 31. Re1 Kc7 32. Ree6 Rh7 33. f4 a4 34. f5 Rh5
35. Rgf6 Rh7 36. Rg6 Rf7 37. f6 Rdf8 38. Ke2 Rb8 39. Re7+ Rxe7+ 40. fxe7 Re8 41.
Rg7 Kd7 42. Kf3 Rxe7 43. Rxe7+ Kxe7 44. Kf4 Kf6 45. Kg4 Ke5 46. h4 Kd4 47. h5
Kd3 48. h6 Kc2 49. h7 Kxb2 50. h8=Q+ Kxa2 51. Qb8 a3 52. Kf3 Ka1 53. Qxd6 Kb2
54. Qxc5 1-0

[Event "AUTO-OPEN-169"]
[Site "http://www.queenalice.com/game.php?id=36355"]
[Date "2005.11.4"]
[Round "1"]
[White "Tiago"]
[Black "xtreme"]
[Result "1-0"]
[WhiteElo "1431"]
[BlackElo "1137"]

1. e4 Nf6 2. Nc3 e5 3. d3 Bc5 4. Na4 Be7 5. Nf3 Nc6 6. b3 d5 7. exd5 Qxd5 8. Nc3
Qa5 9. Bd2 Qc5 10. Na4 Qd6 11. Bc3 Nd5 12. Qe2 b5 13. Nxe5 1-0

[Event "AUTO-OPEN-169"]
[Site "http://www.queenalice.com/game.php?id=36356"]
[Date "2005.11.4"]
[Round "1"]
[White "xtreme"]
[Black "Tiago"]
[Result "0-1"]
[WhiteElo "1133"]
[BlackElo "1435"]

1. e4 e5 2. d4 Qf6 3. Nf3 c5 4. dxe5 Qe6 5. Qd5 Ne7 6. Qxe6 dxe6 7. Bb5+ Bd7 8.
Nc3 a6 9. Bxd7+ Kxd7 10. Be3 b6 11. O-O-O+ Ke8 12. b3 Nec6 13. Na4 Ra7 0-1

[Event "AUTO-INT-53"]
[Site "http://www.queenalice.com/game.php?id=36461"]
[Date "2005.11.4"]
[Round "1"]
[White "KnigtyNight"]
[Black "Tiago"]
[Result "1-0"]
[WhiteElo "1359"]
[BlackElo "1330"]

1. d4 d5 2. c4 dxc4 3. Nc3 Nc6 4. d5 Ne5 5. Bf4 Ng6 6. Bg3 e5 7. e4 h5 8. Bxc4
h4 9. Bxh4 Nxh4 10. Nf3 Nxg2+ 11. Kf1 Nf4 12. Nxe5 1-0

[Event "AUTO-INT-53"]
[Site "http://www.queenalice.com/game.php?id=36462"]
[Date "2005.11.4"]
[Round "1"]
[White "Tiago"]
[Black "KnigtyNight"]
[Result "0-1"]
[WhiteElo "1315"]
[BlackElo "1374"]

1. e4 c5 2. d3 d6 3. b3 g6 4. Qf3 Bg7 5. c3 Nf6 6. Bg5 Bg4 7. Qg3 Nbd7 8. f3 Be6
9. Ne2 Ne5 10. d4 cxd4 11. Nxd4 Bd7 12. Bf4 Nh5 0-1

[Event "AUTO-INT-53"]
[Site "http://www.queenalice.com/game.php?id=36477"]
[Date "2005.11.4"]
[Round "1"]
[White "Tiago"]
[Black "Icarvs"]
[Result "0-1"]
[WhiteElo "1340"]
[BlackElo "1471"]

1. e4 e5 2. Qf3 Nf6 3. g4 d5 4. d3 d4 5. g5 Nfd7 6. h4 Be7 7. Be2 O-O 8. Nh3 c5
9. Qg2 f6 10. b3 Nc6 11. h5 Nb4 12. Kd1 Qa5 13. Bd2 b5 14. g6 h6 15. Bg4 Qd8 16.
a3 Nc6 17. f3 b4 18. Ke2 a5 19. a4 Ba6 20. Nf2 c4 21. dxc4 Nc5 22. Be1 d3+ 23.
cxd3 Nxb3 24. Ra2 Nc1+ 25. Kd1 Nxa2 26. Nh3 Nd4 27. Qxa2 Nxf3 28. Bxf3 Qxd3+ 29.
Nd2 Rad8 30. c5+ Bc4 31. Nf2 Bxa2 32. Nxd3 Rxd3 33. c6 b3 34. Be2 Rc3 35. Bc4+
Kh8 36. Ke2 Bb4 37. Be6 Rxc6 38. Bd7 Rc2 39. Bf2 Rxd2+ 40. Kf3 b2 41. Kg4 Rxf2
42. Rh3 b1=Q 43. Bf5 Qg1+ 44. Rg3 Qh2 45. Rf3 Qg2+ 46. Rg3 Rf4# 0-1

[Event "AUTO-INT-53"]
[Site "http://www.queenalice.com/game.php?id=36478"]
[Date "2005.11.4"]
[Round "1"]
[White "Icarvs"]
[Black "Tiago"]
[Result "1-0"]
[WhiteElo "1360"]
[BlackElo "1269"]

1. e4 e5 2. f4 Nc6 3. Qf3 Nd4 4. Qc3 c5 5. d3 Qh4+ 6. g3 Qd8 7. Be3 Qb6 8. Nd2
d5 9. fxe5 Bd7 10. O-O-O Rc8 11. exd5 Qa6 12. Kb1 g6 13. Bh3 Bxh3 14. Bxd4 Bg4
15. Rc1 cxd4 16. Qxd4 h5 17. e6 fxe6 18. Qxh8 Ne7 19. Rf1 Kd7 20. Rxf8 b5 21.
Ne4 Qb6 22. Nf6+ Kd6 23. Rxc8 Qf2 24. Ne4+ Kd7 25. Qd8# 1-0

[Event "AUTO-INT-53"]
[Site "http://www.queenalice.com/game.php?id=36479"]
[Date "2005.11.4"]
[Round "1"]
[White "Tiago"]
[Black "Jomaley"]
[Result "0-1"]
[WhiteElo "1275"]
[BlackElo "1229"]

1. e4 b6 2. g4 Nf6 3. Qf3 Bb7 4. Bg2 Bxe4 5. Qg3 d5 6. h4 g6 7. g5 Nh5 8. Qe5
Rg8 9. Rh2 Nc6 10. Qc3 Qd6 11. Qh3 Bxc2 12. Nc3 Qc5 13. Bxd5 e6 14. Bb3 Nb4 15.
a3 Nd3+ 16. Ke2 Nhf4+ 17. Kf1 Nxh3 18. Rxh3 Qxf2# 0-1

[Event "AUTO-INT-53"]
[Site "http://www.queenalice.com/game.php?id=36480"]
[Date "2005.11.4"]
[Round "1"]
[White "Jomaley"]
[Black "Tiago"]
[Result "1-0"]
[WhiteElo "1341"]
[BlackElo "1445"]

1. g3 e5 2. Nf3 Qf6 3. Nc3 Bc5 4. Nd5 Qc6 5. c4 d6 6. e4 a5 7. h4 Bg4 8. d3 Na6
9. Bh3 h5 10. a3 Nf6 11. Nxf6+ gxf6 12. Bxg4 hxg4 13. Nh2 O-O-O 14. Nxg4 Rdf8
15. Nxf6 Kb8 16. Be3 b5 17. Qg4 Rd8 18. Bxc5 Qxc5 19. O-O bxc4 20. dxc4 Qxc4 21.
f4 Qd4+ 22. Kh2 Qxb2+ 23. Kh1 Ka8 24. Rfb1 Qd4 25. Kh2 Rb8 26. Qe2 Rb6 27. Nd7
Rb7 28. Qxa6+ Qa7 29. Qxa7+ Kxa7 30. Rxb7+ Kxb7 31. fxe5 Re8 32. exd6 cxd6 33.
Rb1+ Kc7 34. Nf6 Re5 35. h5 Re6 36. Nd5+ Kd7 37. Rb7+ Ke8 38. g4 Rxe4 39. g5
Rh4+ 40. Kg3 Rxh5 41. Kg4 Rh2 42. Nc7+ Kd8 43. Nb5 Rf2 44. Nxd6 a4 45. Nxf7+ Kc8
46. Nd6+ Kd8 47. Nf5 Rg2+ 48. Ng3 Kc8 49. Rb5 Kc7 50. g6 Ra2 51. g7 Kc6 52. Rf5
Rxa3 53. g8=Q Rd3 54. Qc4+ Kd6 55. Qa6+ Ke7 56. Qf6+ Ke8 57. Qc6+ Ke7 58. Qe4+
Kd6 59. Qxd3+ Kc6 60. Qd5+ Kc7 61. Qc5+ Kd7 62. Rf7+ 1-0

[Event "Challenge"]
[Site "http://www.queenalice.com/game.php?id=36621"]
[Date "2005.11.5"]
[Round "-"]
[White "mrcoelho"]
[Black "Tiago"]
[Result "1-0"]
[WhiteElo "1766"]
[BlackElo "1271"]

1. e4 e5 2. Nf3 Nc6 3. Bc4 d6 4. Nc3 Bg4 5. Nxe5 Nxe5 6. Be2 h5 7. d4 Ng6 8.
Bxg4 hxg4 9. Qxg4 Rh4 10. Qg3 c6 11. Bg5 Qb6 12. Bxh4 Qxb2 13. O-O Qxc2 14. Bg5
Be7 15. Bxe7 Kxe7 16. Qg5+ f6 17. Qxg6 Qxc3 18. Qxg7+ Ke6 19. d5+ Ke5 20. f4+
Kd4 21. Qxb7 Rd8 22. Qxa7+ Kxe4 23. Rae1+ Kxd5 24. Rd1+ Ke4 25. Qh7+ f5 26.
Rfe1+ Kxf4 27. Qh4# 1-0

[Event "Challenge"]
[Site "http://www.queenalice.com/game.php?id=38175"]
[Date "2005.11.16"]
[Round "-"]
[White "edsonholanda"]
[Black "Tiago"]
[Result "1-0"]
[WhiteElo "1398"]
[BlackElo "1318"]

1. e4 e5 2. Nf3 d6 3. Bb5+ Bd7 4. Bxd7+ Qxd7 5. Nc3 Nf6 6. d4 Qg4 7. O-O Nxe4 8.
Nxe4 Qxe4 9. dxe5 dxe5 10. Nxe5 Bd6 11. Re1 Qf5 12. Ng6+ Kd8 13. Nxh8 h5 14.
Bg5+ Qxg5 15. Nxf7+ Kd7 16. Nxg5 Nc6 17. Qxh5 Bf8 18. Rad1+ Bd6 19. Nf7 Rf8 20.
Qg4# 1-0

[Event "Challenge"]
[Site "http://www.queenalice.com/game.php?id=38465"]
[Date "2005.11.18"]
[Round "-"]
[White "edsonholanda"]
[Black "Tiago"]
[Result "1-0"]
[WhiteElo "1381"]
[BlackElo "1318"]

1. e4 e5 2. Nf3 d6 3. Nc3 c6 4. d4 f6 5. Bc4 b5 6. Bxg8 Rxg8 7. dxe5 fxe5 8. Bg5
Be7 9. Bxe7 Qxe7 10. O-O Bg4 11. Nd5 cxd5 12. Qxd5 Be6 13. Qxa8 Kf7 14. Rad1 Rc8
15. Rd2 Qd8 16. Rfd1 Rc6 17. Qxa7+ Kg8 18. Nxe5 dxe5 19. Rxd8# 1-0